فصل الخطاب في سيرة امير المؤمنين وعمر بن الخطاب: شخصية وعصرية ;; Fasl al khitab fi sirat 'amir al muminin Umar bin al khtab: shakhsiat wa asria / (Record no. 77967)
[ view plain ]
| 000 -LEADER | |
|---|---|
| fixed length control field | 01164nam a22002537a 4500 |
| 001 - CONTROL NUMBER | |
| control field | 77967 |
| 003 - CONTROL NUMBER IDENTIFIER | |
| rucl marc code | BD-RjUL |
| 005 - DATE AND TIME OF LATEST TRANSACTION | |
| control field | 20211209083055.0 |
| 008 - FIXED-LENGTH DATA ELEMENTS--GENERAL INFORMATION | |
| fixed length control field | 210223s20031440u ||||| |||| 001 0ba d |
| 035 ## - SYSTEM CONTROL NUMBER | |
| System control number | (BD-RjUL)78193 |
| 040 ## - CATALOGING SOURCE | |
| Original cataloging agency | BD-RjUL |
| Language of cataloging | eng |
| Transcribing agency | BD-RjUL |
| 041 ## - LANGUAGE CODE | |
| Language code of text/sound track or separate title | ara |
| 082 ## - DEWEY DECIMAL CLASSIFICATION NUMBER | |
| Edition number | 23 |
| Classification number | 953.02092 |
| Author mark and year | SAL 2004 |
| 100 1# - MAIN ENTRY--PERSONAL NAME | |
| Personal name | صلابي, علي محمد محمد ;; Salabi, Ali Muhammad Muhammad |
| 9 (RLIN) | 245122 |
| 245 10 - TITLE STATEMENT | |
| Title | فصل الخطاب في سيرة امير المؤمنين وعمر بن الخطاب: شخصية وعصرية ;; Fasl al khitab fi sirat 'amir al muminin Umar bin al khtab: shakhsiat wa asria / |
| Statement of responsibility, etc. | علي محمد محمد الصلابي ;; Ali Muhammad Muhammad Al-Salabi |
| 260 ## - PUBLICATION, DISTRIBUTION, ETC. (IMPRINT) | |
| Place of publication, distribution, etc. | القاهرة : |
| Name of publisher, distributor, etc. | دار الفجر للتراث , |
| Date of publication, distribution, etc. | ٢٠٠٣ |
| Place of publication, distribution, etc. | Cairo : |
| Name of publisher, distributor, etc. | dar al fajr lilturath , |
| Date of publication, distribution, etc. | 2003 |
| 300 ## - PHYSICAL DESCRIPTION | |
| Pagination | 712 p. ; |
| Size | 23 cm |
| 490 ## - SERIES STATEMENT | |
| Series statement | تاريخ الخلفاء الراشدين ;٤ |
| 600 ## - SUBJECT ADDED ENTRY--PERSONAL NAME | |
| Personal name | Umar ibn al-Khaṭṭāb |
| General subdivision | Caliph 644 | Sahabah (Comapanions) |
| 650 ## - SUBJECT ADDED ENTRY--TOPICAL TERM | |
| Topical term or geographic name as entry element | Biography |
| General subdivision | The second Caliph of Islam |
| 9 (RLIN) | 245124 |
| 830 ## - SERIES ADDED ENTRY--UNIFORM TITLE | |
| Uniform title | تاريخ الخلفاء الراشدين ;٤ |
| 942 ## - ADDED ENTRY ELEMENTS (KOHA) | |
| Source of classification or shelving scheme | Dewey Decimal Classification |
| Koha item type | Books |
| Lost status | Source of classification or shelving scheme | Damaged status | Not for loan | Collection code | Permanent Location | Current Location | Shelving location | Date acquired | Source of acquisition | Cost, normal purchase price | Total Checkouts | Full call number | Date last seen | Copy number | Koha item type |
|---|---|---|---|---|---|---|---|---|---|---|---|---|---|---|---|
| Dewey Decimal Classification | Not For Loan | Non-fiction | Central Library, University of Rajshahi | Central Library, University of Rajshahi | Reading Room | 18/11/2009 | Ahsania mission , Dhaka | 400.00 | A 953.02092 SAL 2004 | 23/02/2021 | C-1 | Books | |||
| Dewey Decimal Classification | Non-fiction | Central Library, University of Rajshahi | Central Library, University of Rajshahi | 10/07/2008 | Maktabatul Arabiah , Dhaka | 400.00 | A 953.02092 SAL 2003 | 04/03/2021 | C-2 | Books |